000
00287nam a2200109Ia 4500
008
191201s2012 xx 000 0 und d
100
_a
SHARMA,Pooja
245
0
_a
Communicating effectively in english 2nd Sem
260
_c
2012
_b
NORTH PUB.
_a
NEW DELHI
300
_a
352
942
_2
ddc
_c
BK
_0
5
999
_c
8084
_d
8084